期刊信息 |
| 索取号 |
F12/GGZH
|
| 题名 |
改革纵横
|
| 作者 |
改革纵横编辑部
|
| 分册号 |
|
| 分册名 |
|
| 出版地 |
武汉
|
| 出版者 |
该刊编辑部
|
| 标准刊号 |
|
| 出版频率 |
月刊
|
| 中图法分类 |
F121
|
| 主题词 |
|
| 电子资源 | |
| |
|
| 000 | 00842nas0 2200313 45 | |
| 001 | 1196050160 | |
| 005 | 20070506161819.62 | |
| 011 | @d¥3.00(1996) | |
| 091 | @aCN | |
| 092 | @aCN@b38-198 | |
| 100 | @a19960130a19 9999me y0chiy0120 eb | |
| 101 | 0 | @achi |
| 102 | @aCN | |
| 110 | @aa az 0yy0 | |
| 200 | 1 | @a改革纵横@AGai Ge Zong Heng@f改革纵横编辑部@FGai Ge Zong Heng Bian Ji Bu |
| 207 | 0 | @a~=总~ |
| 210 | @a武汉@b湖北省武汉市(邮码)@c该刊编辑部@d199~ | |
| 215 | @dcm | |
| 326 | @a月刊 | |
| 540 | 1 | @a改革 纵横@AGai Ge Zong Heng |
| 541 | 1 | @aReformation summarize@zeng |
| 610 | 0 | @a改革@a经济@a社会@a中国 |
| 676 | @a330.951@v19 | |
| 690 | @aF121@v3 | |
| 690 | @aF12@v4 | |
| 701 | 0 | @4主编 |
| 711 | 02 | @a改革纵横编辑部@4主办@AGai Ge Zong Heng Bian Ji Bu |
| 801 | 0 | @aCN@bPFT@c20070506 |
| 905 | @a1@cQ@dF12@eGGZH | |
| 改革纵横/改革纵横编辑部.-~=总~.-武汉(湖北省武汉市(邮码)):该刊编辑部,199~ |
| cm |
| ¥3.00(1996) |
| ● |
| 相关链接: |
|
|
|
|